| 000 | 00719nam a2200205 i 4500 | ||
|---|---|---|---|
| 001 | 80711 | ||
| 003 | ES-MaACL | ||
| 005 | 20251108163136.0 | ||
| 007 | t| | ||
| 008 | 041029s1936 fr c |||| | fre d | ||
| 100 | 1 |
_aHostos, Eugenio María de, _d1839-1903 _964302 |
|
| 245 | 1 | 0 |
_aEssais / _cE.M. de Hostos ; traduit d l'espagnol par Max Daireaux ; préfaces de P. Henríquez Ureña et A.S. Pedreira. |
| 260 |
_aParis : _b[s.n., _c1936] ( _eMayenne : _fFloch) |
||
| 300 |
_a282 p. : _bretr. aut. ; _c20 cm. |
||
| 700 | 1 |
_aDaireaux, Max. _942460 |
|
| 700 |
_aHenríquez Ureña, Pedro, _d1884-1946 _9176516 |
||
| 700 | 1 |
_aPedreira, Antonio S. _989899 |
|
| 852 |
_aES-MaACL _jF-15302 |
||
| 999 |
_c80711 _d80711 |
||